| Tag |
First Indicator |
Second Indicator |
Subfields |
| LEADER |
00000cjm a2200000 a 4500 |
| 001 |
in00001406768 |
| 005 |
20151020072922.0 |
| 007 |
sd fungnn|||ee |
| 008 |
910930p19911962xx mun i N/A d |
| 019 |
|
|
|a 29064647
|
| 028 |
0 |
2 |
|a SMK 46296
|b Sony Classical
|
| 033 |
2 |
0 |
|a 1962----
|a 1964----
|b 3804
|c N4
|b 3464
|c T7
|b 4364
|c H7
|
| 035 |
|
|
|a (OCoLC)24474315
|
| 035 |
|
|
|9 AHQ3724AM
|
| 040 |
|
|
|a UUP
|c UUP
|d VRU
|d MNU
|d CNO
|d CPL
|d TXA
|d UtOrBLW
|
| 041 |
0 |
|
|g eng
|g fre
|g ger
|
| 047 |
|
|
|a pr
|a su
|a co
|a df
|
| 048 |
|
|
|a oa
|
| 048 |
|
|
|a ob
|
| 048 |
|
|
|a oc
|
| 048 |
|
|
|a wa02
|a wb02
|a wc02
|a wd02
|a ba01
|a sa02
|a sb02
|a sc02
|
| 049 |
|
|
|a TXAM
|
| 090 |
|
|
|a M1000.S932
|b M56 1991
|
| 100 |
1 |
|
|a Stravinsky, Igor,
|d 1882-1971.
|
| 240 |
1 |
0 |
|a Orchestra music.
|k Selections
|
| 245 |
1 |
0 |
|a Miniature masterpieces /
|c Igor Stravinsky.
|
| 264 |
|
1 |
|a [Place of publication not identified] :
|b Sony Classical,
|c [1991]
|
| 264 |
|
4 |
|c ℗1991
|
| 300 |
|
|
|a 1 sound disc :
|b digital ;
|c 4 3/4 in.
|
| 306 |
|
|
|a 000049
|a 000500
|a 000600
|a 001400
|a 000900
|a 000327
|a 001200
|a 000800
|a 001100
|
| 336 |
|
|
|a performed music
|b prm
|2 rdacontent
|
| 337 |
|
|
|a audio
|b s
|2 rdamedia
|
| 338 |
|
|
|a audio disc
|b sd
|2 rdacarrier
|
| 490 |
1 |
|
|a Igor Stravinsky edition ;
|v v. 6
|
| 500 |
|
|
|a Compact disc.
|
| 511 |
0 |
|
|a Columbia Symphony Orchestra (1st, 4th, 7th works) ; CBC Symphony Orchestra (remainder) ; the composer conducting.
|
| 518 |
|
|
|a Recorded 1962-1964, in New York City, Toronto, Canada, and Hollywood, CA.
|
| 500 |
|
|
|a "Consists of previously released material"--Container.
|
| 500 |
|
|
|a Program notes by the composer and Phillip Ramey, in English, French, and German (16 pages : ill.) inserted in container.
|
| 505 |
0 |
|
|a Greeting prelude (:49) -- Suite no. 1 for small orchestra (5:00) -- Suite no. 2 for small orchestra (6:00) -- Concerto in E flat for chamber orchestra : "Dumbarton Oaks" (14:00) -- 4 Norwegian moods (9:00) -- Circus polka (3:27) -- Concerto in D for string orchestra : "Basle concerto" (12:00) -- 8 instrumental miniatures (8:00) -- 4 etudes for orchestra (11:00).
|
| 500 |
|
|
|a Sound recording.
|
| 650 |
|
0 |
|a Orchestral music.
|
| 650 |
|
0 |
|a Suites (Chamber orchestra)
|
| 650 |
|
0 |
|a Concertos (Chamber orchestra)
|
| 650 |
|
0 |
|a Concertos (String orchestra)
|
| 650 |
|
0 |
|a Instrumental ensembles.
|
| 700 |
1 |
|
|a Stravinsky, Igor,
|d 1882-1971,
|e conductor.
|
| 700 |
1 |
2 |
|a Stravinsky, Igor,
|d 1882-1971.
|t Greeting prelude.
|
| 700 |
1 |
2 |
|a Stravinsky, Igor,
|d 1882-1971.
|t Suites,
|m orchestra,
|n no. 1.
|
| 700 |
1 |
2 |
|a Stravinsky, Igor,
|d 1882-1971.
|t Suites,
|m orchestra,
|n no. 2.
|
| 700 |
1 |
2 |
|a Stravinsky, Igor,
|d 1882-1971.
|t Concertos,
|m orchestra,
|r E♭.
|
| 700 |
1 |
2 |
|a Stravinsky, Igor,
|d 1882-1971.
|t Norwegian moods.
|
| 700 |
1 |
2 |
|a Stravinsky, Igor,
|d 1882-1971.
|t Circus polka.
|
| 700 |
1 |
2 |
|a Stravinsky, Igor,
|d 1882-1971.
|t Concertos,
|m string orchestra,
|r D.
|
| 700 |
1 |
2 |
|a Stravinsky, Igor,
|d 1882-1971.
|t Instrumental miniatures.
|
| 700 |
1 |
2 |
|a Stravinsky, Igor,
|d 1882-1971.
|t Studies,
|m orchestra.
|
| 710 |
2 |
|
|a Columbia Symphony Orchestra,
|e performer.
|
| 710 |
2 |
|
|a CBC Symphony Orchestra,
|e performer.
|
| 800 |
1 |
|
|a Stravinsky, Igor,
|d 1882-1971.
|t Selections (Sony Classical) ;
|v v. 6.
|
| 948 |
|
|
|a c:jlg
|
| 999 |
|
|
|a MARS
|
| 999 |
f |
f |
|s bdcda0d0-fbfa-3c08-9b79-5725b7acd83a
|i 0ba2dc3a-9253-3bc7-a0d6-787eacec7cad
|t 0
|
| 952 |
f |
f |
|p ric
|a Texas A&M University
|b Rellis Campus
|c Joint Library Facility
|d Remote Storage
|t 0
|e M1000.S932 M56 1991
|h Library of Congress classification
|i audio -- audio disc
|m A14823304674
|
| 998 |
f |
f |
|a M1000.S932 M56 1991
|t 0
|l Remote Storage
|